Word Ladder: Happy Independence Day! Quiz Stats

 Plays Quiz Updated Jul 4, 2016

Challenge
Share
Tweet
Embed
Score 0/18 Timer 02:00
0 Plays Today
★ Clue ★ ★ 4-Letter Word ★ % Correct
The meat of a pigPORK
97%
★ A ripple in the ocean ★★ WAVE ★
95.4%
Largest city in the US: New ___YORK
92.9%
★ Ramones song, 'I Wanna Be ___ Boyfriend' ★★ YOUR ★
92.4%
A fortified wine from IberiaPORT
91.7%
Put content up onto social mediaPOST
91.6%
Another word for noisy LOUD
90.7%
Summer 1967 was the 'Summer of ___'LOVE
90.7%
Nuisance, like a troublesome insectPEST
89.8%
★ Clue ★ ★ 4-Letter Word ★ % Correct
To washLAVE
87.6%
A shared mythologyLORE
84.6%
A party-like gathering with a specific focusFEST
83.5%
Someone who controls a fiefdomLORD
82.9%
To scowl or look at someone crossLOUR
82.6%
★ 'You're a grand old ___! You're a high-flying ___!' ★★ FLAG ★
82.2%
Level and without any slopeFLAT
82%
An exceptional accomplishmentFEAT
81.9%
Former Red Sox player Kevin for shortYOUK
80.6%

Today's Daily Dose

You're not logged in!

Compare scores with friends on all Sporcle quizzes.
Join for Free
OR
Log In

You Might Also Like...

Show Comments

Extras

Top Quizzes Today


Score Distribution

Your Account Isn't Verified!

In order to create a playlist on Sporcle, you need to verify the email address you used during registration. Go to your Sporcle Settings to finish the process.

Report this User

Report this user for behavior that violates our Community Guidelines.

Details: